Southville International School and Colleges
Your cart is empty.
  • Cart
  • Lists
    Public lists Eva Luna New books Lux_list list_1
    Your lists Log in to create your own lists
  • Log in to your account
  • Your cookies
  • Search history
Southville International School and Colleges
  • Advanced search
  • Recent comments
  • Most popular
  • Libraries

Log in to your account

Log in with GOOGLE


If you do not have an external account, but do have a local account, you can still log in:

  1. Home
  2. MARC view: Burp! /
Normal view MARC view ISBD view

Burp! / (Record no. 41403)

[ view plain ]
MARC details
000 -LEADER
fixed length control field 00598nam a2200229Ia 4500
005 - DATE AND TIME OF LATEST TRANSACTION
control field 20140311163131.0
008 - FIXED-LENGTH DATA ELEMENTS--GENERAL INFORMATION
fixed length control field 140130s9999 xx 000 0 und d
020 ## - INTERNATIONAL STANDARD BOOK NUMBER
International Standard Book Number 0439304709
050 ## - LIBRARY OF CONGRESS CALL NUMBER
Classification number PZ 7
Item number .Sw972Bit 2001
100 ## - MAIN ENTRY--PERSONAL NAME
Personal name Swanson, Diane
9 (RLIN) 25868
245 ## - TITLE STATEMENT
Statement of responsibility, etc Diane Swanson.
Title Burp! /
260 ## - PUBLICATION, DISTRIBUTION, ETC. (IMPRINT)
Name of publisher, distributor, etc Scholastic Inc.,
Date of publication, distribution, etc c2001.
Place of publication, distribution, etc USA :
300 ## - PHYSICAL DESCRIPTION
Extent 40 p. :
Other physical details col. ill. ;
Dimensions 28 cm.
440 ## - SERIES STATEMENT/ADDED ENTRY--TITLE
Volume number/sequential designation 1
9 (RLIN) 31174
521 ## - TARGET AUDIENCE NOTE
Target audience note
526 ## - STUDY PROGRAM INFORMATION NOTE
Reading level 1050
650 ## - SUBJECT ADDED ENTRY--TOPICAL TERM
Topical term or geographic name as entry element Dogs
General subdivision Fiction
9 (RLIN) 31227
650 ## - SUBJECT ADDED ENTRY--TOPICAL TERM
Topical term or geographic name as entry element Cats
General subdivision Fiction.
9 (RLIN) 31228
650 ## - SUBJECT ADDED ENTRY--TOPICAL TERM
Topical term or geographic name as entry element Play
General subdivision Fiction.
9 (RLIN) 31229
942 ## - ADDED ENTRY ELEMENTS (KOHA)
Koha item type Books
Source of classification or shelving scheme Library of Congress Classification
Holdings
Withdrawn status Lost status Source of classification or shelving scheme Damaged status Home library Current library Shelving location Date acquired Total Checkouts Full call number Barcode Date last seen Copy number Price effective from Koha item type
    Library of Congress Classification   Munich Library Munich Library Scholastic Reading Center Section 01/30/2014   PZ 7 .Sw972Bit 2001 MS2339 01/30/2014 1 03/11/2014 Books
    Library of Congress Classification   Munich Library Munich Library Scholastic Reading Center Section 03/26/2014   PZ 7 .Sw972Bit 2001 MS2322 03/26/2014 2 03/26/2014 Books

Burp! /

APA

Swanson D., . (2001). Burp!. USA: Scholastic Inc.

Chicago

Swanson Diane, . 2001. Burp!. USA: Scholastic Inc.

Harvard

Swanson D., . (2001). Burp!. USA: Scholastic Inc.

MLA

Swanson Diane, . Burp!. USA: Scholastic Inc. 2001.

  • Place hold
  • Print
  • Cite
  • Add to your cart (remove)
  • Save record
    BIBTEX Dublin Core MARCXML MARC (non-Unicode/MARC-8) MARC (Unicode/UTF-8) MARC (Unicode/UTF-8, Standard) MODS (XML) RIS
  • More searches
    Search for this title in:
    Other Libraries (WorldCat) Other Databases (Google Scholar) Online Stores (Bookfinder.com) Open Library (openlibrary.org)

Exporting to Dublin Core...

SOUTHVILLE LIBRARY

Southville International School and Colleges Library

1281 Tropical Ave. Cor. Luxembourg St., BF Homes International, Las Pinas City

Tel. No. 8256374 / 252358 Loc. 117/146

Powered by Koha